Zrušenie spoločnosti a jej likvidácia - základné postupy

Rozlišovanie termínov zrušenie spoločnosti a zánik spoločnosti. Charakteristika zrušenia spoločnosti. Zrušenie spoločnosti s likvidáciou alebo bez likvidácie. Najdôležitejšie právne predpisy, ktoré upravujú čiastkové úkony ukončovania činnosti podniku. Likvidácia podniku a stanovenie likvidátora. Vy...

Descrizione completa

Salvato in:
Dettagli Bibliografici
Autore principale: Fabian, Peter
Natura: Capitolo di libro
Lingua:slovacco
Soggetti:
Tags: Aggiungi Tag
Nessun Tag, puoi essere il primo ad aggiungerne!!

MARC

LEADER 00000naa a2200000 4500
001 0142111
005 20240502072539.8
041 0 |a slo 
044 |a SK 
245 1 0 |a Zrušenie spoločnosti a jej likvidácia - základné postupy  |c Peter Fabian 
520 |a Rozlišovanie termínov zrušenie spoločnosti a zánik spoločnosti. Charakteristika zrušenia spoločnosti. Zrušenie spoločnosti s likvidáciou alebo bez likvidácie. Najdôležitejšie právne predpisy, ktoré upravujú čiastkové úkony ukončovania činnosti podniku. Likvidácia podniku a stanovenie likvidátora. Vykonanie inventarizácie. Povinnosť likvidátora zostaviť účtovnú závierku. Podanie návrhu na výmaz spoločnosti z obchodného registra. 
610 2 0 |a zrušenie podniku 
610 2 0 |a likvidácia podniku 
610 2 0 |a likvidátori 
610 2 0 |a zákonník obchodný 
610 2 0 |a predpisy právne 
610 2 0 |a závierka účtovná 
610 2 0 |a inventarizácia 
610 2 0 |a register obchodný 
100 1 |a Fabian, Peter